000 005990000a22001930004500
003 LK-CoMWRAF
005 20231224010038.0
008 230817t1992 ||||| |||| 00| 0 eng d
040 _aLK-CoMWRAF
_dLK-CoMWRAF
_eLK-CoMWRAF
041 _aeng
082 _a362.8292
_bDER
100 _aDeraniyagala, Sonali
245 _aAn investigation into the incident and causes of domestic violence in Colombo, Sri Lanka:
_ba study prepared for women in need
260 _aColombo:
_bWomen in need,
_c1992
300 _a50 p.
650 _aDomestic violence
650 _aviolence against women
942 _cBK
999 _c2545
_d2545